000 00293nam a2200109Ia 4500
008 200302s9999 xx 000 0 und d
100 _aS. C. Reznikoff
245 _aSpecifications for Commercial Interiors
260 _bWhitney Library of Design Publication
260 _c1989
300 _a319 P.,
999 _c5082
_d5082